00585 2200217 4500001002100000005001700021008004100038035002400079040001200103082001200115090001900127100001600146245006500162260002300227300002500250650002600275850001200301990001800313990001800331990001800349YOGYA-0209000000302820090227020605.0 ind  0010-020900000003028 aYOPDYOG a543.089 a543.089bSta A aSTAHL, Egon aAnalisis obat secara kromatografi dan mikroskopicEgon Stahl aBandungbITBc1985 a267 hlmbilusc21 cm aAnalisis kromatografi aYOPDYOG a95214-P/97b3 a95212-P/97b1 a95213-P/97b2